[Event "Neuquen Las Balsas op"]
[Site "Neuquen"]
[Date "2022.06.20"]
[Round "7"]
[White "Zuriel, Marisa"]
[Black "Bardi, Franco"]
[Result "1-0"]
[WhiteElo "2166"]
[BlackElo "1712"]
[PlyCount "163"]
[EventDate "2022.06.17"]
[EventType "swiss"]
[EventRounds "7"]
[EventCountry "ARG"]
[SourceTitle "CBM 208 Extra"]
[Source "ChessBase"]
[SourceDate "2022.07.31"]
[SourceVersion "1"]
[SourceVersionDate "2022.07.31"]
[SourceQuality "1"]

1. e4 c5 2. Nf3 d6 3. d4 cxd4 4. Nxd4 Nf6 5. f3 e5 6. Bb5+ Bd7 7. Bxd7+ Qxd7 8. Nf5 d5 9. Bg5 Nc6 10. Bxf6 gxf6 11. Nc3 Bb4 12. 0-0 Bxc3 13. bxc3 0-0-0 14. Ne3 Ne7 15. Qe2 Qc6 16. c4 dxc4 17. Nxc4 Qa6 18. Rfe1 Rd4 19. Ne3 Qxe2 20. Rxe2 Rhd8 21. Kf2 Ra4 22. Ng4 Rd6 23. Nh6 Rd7 24. Ke1 Nc6 25. c3 Ra3 26. Rc2 Kd8 27. Rd1 Rxd1+ 28. Kxd1 Ke7 29. Nf5+ Kd7 30. Kc1 Na5 31. Ne3 Ra4 32. Rd2+ Kc6 33. Nd5 Nc4 34. Rc2 Kc5 35. Nxf6 Ra6 36. Nd5 f5 37. Nb4 Rh6 38. exf5 Rxh2 39. Re2 a5 40. Nd3+ Kd5 41. a4 h5 42. Nb2 Nd6 43. Nd3 Nc4 44. Nb2 Nd6 45. Rd2+ Kc6 46. f6 Rh4 47. Nd3 Kd5 48. Nf4+ Kc4 49. Ng6 Rh1+ 50. Kc2 Nf7 51. Re2 Kd5 52. Nxe5 Ke6 53. Ng4+ Kf5 54. Nf2 Ra1 55. Kb2 Rxa4 56. Re7 Kxf6 57. Rxb7 Ne5 58. Ne4+ Kf5 59. Rh7 Kg6 60. Ra7 Nd3+ 61. Kb3 Ra1 62. Ra8 h4 63. Ra6+ Kf5 64. Kc4 Ne1 65. Kd4 Rd1+ 66. Ke3 Nxg2+ 67. Kf2 Nf4 68. Rxa5+ Ke6 69. Ng5+ Kf6 70. Ne4+ Ke6 71. Ke3 Nd5+ 72. Ke2 Rg1 73. Kf2 Rc1 74. Ra6+ Kf5 75. Ra5 Ke6 76. Kg2 Nf4+ 77. Kf2 h3 78. Kg3 h2 79. Kxh2 Nd5 80. Rc5 Ne3 81. Kg3 Nf5+ 82. Kf4 1-0

[Event "La Pampa Pico Cup"]
[Site "La Pampa"]
[Date "2021.12.03"]
[Round "2"]
[White "Rossi, Lautaro"]
[Black "Bardi, Franco"]
[Result "1-0"]
[WhiteElo "1662"]
[BlackElo "1772"]
[PlyCount "81"]
[EventDate "2021.12.03"]
[EventType "swiss"]
[EventRounds "6"]
[EventCountry "ARG"]
[SourceTitle "CBM 205 Extra"]
[Source "ChessBase"]
[SourceDate "2022.01.31"]
[SourceVersion "1"]
[SourceVersionDate "2022.01.31"]
[SourceQuality "1"]

1. e4 c5 2. d4 cxd4 3. c3 dxc3 4. Nxc3 Nc6 5. Nf3 e6 6. Bc4 Bb4 7. 0-0 Bxc3 8. bxc3 Nge7 9. Bg5 0-0 10. e5 Qc7 11. Qe2 Ng6 12. Rfe1 Na5 13. Bd3 b6 14. h4 Bb7 15. h5 Bxf3 16. gxf3 Nh8 17. Qe4 g6 18. Bf6 Rfc8 19. Qf4 Qc5 20. Qg5 Nc6 21. h6 Qf8 22. Be4 Rc7 23. Bxc6 dxc6 24. Rad1 c5 25. Rd6 b5 26. Red1 Re8 27. Rd8 Rc8 28. R8d7 c4 29. Rxa7 Ra8 30. Bg7 f6 31. Qe3 Re7 32. Bxf8 Rexa7 33. Bg7 Nf7 34. Bxf6 b4 35. cxb4 c3 36. Qxc3 Nxh6 37. Qc6 Ra6 38. Rd8+ Rxd8 39. Qxa6 Rd1+ 40. Kg2 Nf5 41. Qxe6+ 1-0

[Event "Santa Rosa op 4th"]
[Site "Santa Rosa"]
[Date "2019.07.06"]
[Round "1.1"]
[White "Saldano Dayer, Horacio"]
[Black "Bardi, Franco"]
[Result "1-0"]
[WhiteElo "2408"]
[BlackElo "1780"]
[PlyCount "55"]
[EventDate "2019.07.06"]
[EventType "swiss"]
[EventRounds "6"]
[EventCountry "ARG"]
[SourceTitle "EXT 2024"]
[Source "ChessBase"]
[SourceDate "2023.10.10"]
[SourceVersion "1"]
[SourceVersionDate "2023.10.10"]
[SourceQuality "1"]

1. Nf3 Nf6 2. c4 c5 3. Nc3 Nc6 4. d4 cxd4 5. Nxd4 e5 6. Ndb5 d6 7. g3 a6 8. Na3 Be7 9. Bg2 0-0 10. 0-0 h6 11. Nc2 Be6 12. Ne3 Qd7 13. Ned5 Bxd5 14. cxd5 Nd4 15. a4 b5 16. e3 b4 17. Na2 b3 18. exd4 bxa2 19. dxe5 dxe5 20. Rxa2 Bc5 21. b3 Rfd8 22. Bb2 Qf5 23. Ba1 Rab8 24. Re2 Qh5 25. Rc2 Qxd1 26. Rxd1 Ba3 27. Bxe5 Rxb3 28. Bc7 1-0

[Event "Rio Negro IRT"]
[Site "Rio Negro"]
[Date "2018.08.??"]
[Round "3.5"]
[White "Huenul, Marcelino"]
[Black "Bardi, Franco"]
[Result "1-0"]
[WhiteElo "1848"]
[BlackElo "1809"]
[PlyCount "45"]
[EventDate "2018.08.17"]
[EventType "tourn"]
[EventRounds "6"]
[EventCountry "ARG"]
[SourceTitle "EXT 2024"]
[Source "ChessBase"]
[SourceDate "2023.10.10"]
[SourceVersion "1"]
[SourceVersionDate "2023.10.10"]
[SourceQuality "1"]

1. d4 d5 2. g3 Nf6 3. Bg2 e6 4. Nf3 Be7 5. Nbd2 0-0 6. b3 b6 7. 0-0 Bb7 8. Bb2 Nbd7 9. Ne5 c5 10. e3 Nxe5 11. dxe5 Nd7 12. f4 Qc7 13. Qg4 g6 14. h4 Rfd8 15. h5 Bf8 16. hxg6 hxg6 17. Nf3 Bg7 18. Ng5 Rac8 19. Nxe6 fxe6 20. Qxe6+ Kh7 21. Kf2 Nf8 22. Rh1+ Bh6 23. Rxh6+ 1-0

[Event "Neuquen U2200 op"]
[Site "Neuquen"]
[Date "2017.08.20"]
[Round "5.4"]
[White "Villagra, Juan Carlos"]
[Black "Bardi, Franco"]
[Result "1/2-1/2"]
[WhiteElo "1856"]
[BlackElo "1816"]
[PlyCount "97"]
[EventDate "2017.08.18"]
[EventType "swiss"]
[EventRounds "6"]
[EventCountry "ARG"]
[SourceTitle "EXT 2024"]
[Source "ChessBase"]
[SourceDate "2023.10.10"]
[SourceVersion "1"]
[SourceVersionDate "2023.10.10"]
[SourceQuality "1"]

1. Nf3 Nf6 2. c4 c5 3. Nc3 g6 4. g3 d5 5. d4 Nc6 6. cxd5 Nxd5 7. Bg2 Bg7 8. e3 0-0 9. 0-0 Nc7 10. dxc5 Ne6 11. Ne4 f5 12. Nc3 Nxc5 13. Rb1 Be6 14. Nd4 Nxd4 15. exd4 Bxd4 16. Re1 Bc4 17. Be3 e5 18. Bxd4 exd4 19. Na4 Nd3 20. Bf1 Re8 21. Rxe8+ Qxe8 22. Bxd3 Bxd3 23. Qxd3 Qxa4 24. Rc1 Rd8 25. Rc7 Qb4 26. Kf1 Re8 27. Qc4+ Qxc4+ 28. Rxc4 Rd8 29. Rc7 d3 30. Ke1 Re8+ 31. Kd2 Re2+ 32. Kxd3 Rxb2 33. Ke3 a5 34. Kf4 Rxf2+ 35. Kg5 Rb2 36. h4 f4 37. Kxf4 Rb5 38. g4 a4 39. a3 h6 40. Rc8+ Kg7 41. Ra8 Kf6 42. Rxa4 g5+ 43. hxg5+ hxg5+ 44. Ke4 Rb3 45. Kd5 Rf3 46. Rb4 Rxa3 47. Rb6+ Kg7 48. Rxb7+ Kg6 49. Rb6+ 1/2-1/2